Food Borne Diseases (Record no. 216122)

MARC details
000 -LEADER
fixed length control field 00531nam a22001817a 4500
008 - FIXED-LENGTH DATA ELEMENTS--GENERAL INFORMATION
fixed length control field 250916b |||||||| |||| 00| 0 eng d
020 ## - INTERNATIONAL STANDARD BOOK NUMBER
International Standard Book Number 9798887150109
050 ## - LIBRARY OF CONGRESS CALL NUMBER
Classification number RA 601 .J66 2023
Item number C.1
100 ## - MAIN ENTRY--PERSONAL NAME
Personal name Jones, David Lee
245 ## - TITLE STATEMENT
Title Food Borne Diseases
250 ## - EDITION STATEMENT
Edition statement First Edition
260 ## - PUBLICATION, DISTRIBUTION, ETC.
Place of publication, distribution, etc. Dublin, OH
Name of publisher, distributor, etc. Oryson Press
Date of publication, distribution, etc. 2023
300 ## - PHYSICAL DESCRIPTION
Extent vi, 286p.
500 ## - GENERAL NOTE
General note Includes index
650 ## - SUBJECT ADDED ENTRY
Topical term or geographic name entry element 1. Food borne diseases. 2. Food - Contamination. 3. Food safety - Public health.
942 ## - ADDED ENTRY ELEMENTS (KOHA)
Source of classification or shelving scheme Library of Congress Classification
Koha item type Long Loan Book
Holdings
Withdrawn status Lost status Source of classification or shelving scheme Damaged status Not for loan Collection Home library Current library Date acquired Inventory number Total checkouts Full call number Barcode Date last seen Copy number Price effective from Koha item type
    Library of Congress Classification     Medicine Kisii University Library Kisii University Library 09/16/2025 109577   RA 601 .J66 2023 000000023637 09/16/2025 C.1 09/16/2025 Long Loan Book
    Library of Congress Classification     Medicine Kisii University Library Kisii University Library 09/16/2025 109578   RA 601 .J66 2023 000000002928 09/16/2025 C.2 09/16/2025 Long Loan Book
    Library of Congress Classification     Medicine Kisii University Library Kisii University Library 09/16/2025 109579   RA 601 .J66 2023 000000002927 09/16/2025 C.3 09/16/2025 Long Loan Book
    Library of Congress Classification     Medicine Kisii University Library Kisii University Library 09/16/2025 109580   RA 601 .J66 2023 000000001948 09/16/2025 C.4 09/16/2025 Long Loan Book